[Event "?"]
[Site "?"]
[Date "????.??.??"]
[Round "?"]
[White "Goldberg, V."]
[Black "Nordenström, S."]
[Result "1-0"]
[WhiteElo "2141"]
[BlackElo "1961"]
[PlyCount "89"]
[EventDate "2010.??.??"]

1. e4 c5 2. Nf3 Nc6 3. d4 cxd4 4. Nxd4 Nf6 5. Nc3 e5 6. Ndb5 d6 7. Bg5 a6 8.
Na3 b5 9. Nd5 Be6 10. c4 b4 11. Nc2 Rb8 12. Nce3 Be7 13. Bxf6 gxf6 14. Qa4 Qc8
15. c5 dxc5 16. Qxa6 Qxa6 17. Bxa6 Nd4 18. O-O Bd8 19. Rfc1 Ra8 20. Bd3 Rc8 21.
Rc4 Kd7 22. Rac1 Kd6 23. a3 b3 24. Ra4 Bd7 25. Ra6+ Rc6 26. Nc4+ Ke6 27. Ra7
Be8 28. Nce3 Rc8 29. Ra6+ Rc6 30. Ra8 Bd7 31. f4 exf4 32. Nxf4+ Ke5 33. Nfd5
Kd6 34. Nc4+ Ke6 35. Na5 Rc8 36. Ra6+ Bc6 37. Rxc5 Kd6 38. Rc4 Bxa5 39. Rxa5
Ne6 40. Nxf6 Rhd8 41. e5+ Ke7 42. Ra7+ Kf8 43. Rg4 Rc7 44. Rg8+ Ke7 45. Rxc7+
1-0

[Event "?"]
[Site "?"]
[Date "????.??.??"]
[Round "?"]
[White "Nystrom, R."]
[Black "Eskandary, J."]
[Result "0-1"]
[WhiteElo "1980"]
[BlackElo "2139"]
[PlyCount "84"]
[EventDate "2010.??.??"]

1. e4 e5 2. Nf3 Nc6 3. Bc4 Bc5 4. c3 Qe7 5. O-O d6 6. d4 Bb6 7. h3 h6 8. b4 a6
9. Bb2 Bd7 10. a4 Nf6 11. b5 Na5 12. Bd3 axb5 13. axb5 O-O 14. Nbd2 Rfd8 15.
Qe2 Nh5 16. Qd1 Nf4 17. Be2 Qf6 18. Kh1 g5 19. Nh2 exd4 20. cxd4 Bxd4 21. Ng4
Bxg4 22. Bxd4 Qxd4 23. Bxg4 c5 24. Bf5 d5 25. Nf3 Qxd1 26. Rfxd1 d4 27. h4 gxh4
28. Nxh4 c4 29. g3 Ne2 30. Nf3 d3 31. e5 Nc3 32. Rf1 Nxb5 33. e6 fxe6 34. Bxe6+
Kg7 35. Ra4 Nc3 36. Ra3 Nb5 37. Ra4 Nd4 38. Nxd4 Rxd4 39. f4 d2 40. Bg4 b6 41.
Rb4 Rad8 42. Bd1 R8d6 0-1

[Event "?"]
[Site "?"]
[Date "????.??.??"]
[Round "?"]
[White "Schwier, M."]
[Black "Wiman, K."]
[Result "1-0"]
[WhiteElo "2165"]
[BlackElo "1993"]
[PlyCount "105"]
[EventDate "2010.??.??"]

1. e4 e6 2. d4 d5 3. e5 c5 4. c3 Nc6 5. Nf3 Qb6 6. Be2 Bd7 7. O-O cxd4 8. cxd4
Nge7 9. g4 Rc8 10. Nc3 Na5 11. Na4 Qd8 12. Nc5 Bc6 13. b3 b6 14. Nd3 Ng6 15.
Bd2 Be7 16. Nfe1 O-O 17. f4 f5 18. gxf5 exf5 19. Nf3 Bd7 20. Kh1 Nc6 21. Be3
Qe8 22. Rg1 Kh8 23. Ng5 Bxg5 24. Rxg5 Nce7 25. Qf1 Bb5 26. Ne1 Bxe2 27. Qxe2
Qc6 28. Bd2 Qe6 29. Qd3 Ng8 30. Ng2 Nh6 31. h3 Rf7 32. Rf1 Rfc7 33. Ne3 Ne7 34.
Bb4 g6 35. Qb5 Qc6 36. Qxc6 Nxc6 37. Bd6 Rd7 38. Ba3 Nd8 39. Rg2 Ne6 40. Bb2
Kg8 41. Kh2 Kf7 42. Kg3 Ng8 43. h4 Ne7 44. Rd2 b5 45. Ba3 Rc6 46. Kf3 a5 47.
Bd6 Nc7 48. Rff2 Ke6 49. Rc2 Rxc2 50. Rxc2 Ne8 51. Bxe7 Kxe7 52. a4 Kd8 53. b4
1-0

[Event "?"]
[Site "?"]
[Date "????.??.??"]
[Round "?"]
[White "James, G."]
[Black "Johannsen, I."]
[Result "1-0"]
[WhiteElo "2203"]
[BlackElo "2071"]
[PlyCount "87"]
[EventDate "2010.??.??"]

1. e4 e6 2. Nc3 d5 3. Nf3 Nf6 4. e5 Nfd7 5. d4 c5 6. dxc5 Nc6 7. Bf4 Bxc5 8.
Bd3 a6 9. O-O b5 10. Qe2 Nb4 11. Ng5 Nxd3 12. Qxd3 Bb7 13. Rad1 Qe7 14. Nf3 O-O
15. Ng5 f5 16. Qh3 h6 17. Nf3 g5 18. Qxh6 gxf4 19. Rfe1 Rae8 20. Ng5 Qg7 21.
Qh5 d4 22. Ne2 Be7 23. h4 Bxg5 24. hxg5 f3 25. Nf4 Qh7 26. Rxd4 Qxh5 27. Nxh5
Rd8 28. Nf4 Kf7 29. Rd6 Nc5 30. Red1 Rxd6 31. Rxd6 Rb8 32. b4 Ne4 33. g6+ Ke7
34. Rxe6+ Kd7 35. Rb6 fxg2 36. g7 Kc7 37. Rf6 Rg8 38. Rf8 Rxg7 39. Ne6+ Kb6 40.
Nxg7 Nd2 41. Rxf5 Nf3+ 42. Rxf3 Bxf3 43. e6 Kc7 44. e7 1-0

[Event "?"]
[Site "?"]
[Date "????.??.??"]
[Round "?"]
[White "Mewes, H."]
[Black "Macdonald-Ross, M."]
[Result "1/2-1/2"]
[WhiteElo "1924"]
[BlackElo "2176"]
[PlyCount "54"]
[EventDate "2010.??.??"]

1. d4 d5 2. c4 e6 3. Nf3 Nf6 4. Nc3 Be7 5. e3 O-O 6. Bd3 b6 7. Qe2 Bb7 8. O-O
Ne4 9. cxd5 exd5 10. Bd2 Nd7 11. Ba6 Qc8 12. Bxb7 Qxb7 13. Nxe4 dxe4 14. Ne1 c5
15. Bc3 Nf6 16. dxc5 bxc5 17. b3 a5 18. Qc4 Qd5 19. Qxd5 Nxd5 20. Be5 a4 21.
bxa4 Rxa4 22. Nc2 Bf6 23. Bxf6 Nxf6 24. Rfd1 Rb8 25. Rab1 Rxb1 26. Rxb1 Kf8 27.
a3 Rc4 1/2-1/2

[Event "?"]
[Site "?"]
[Date "????.??.??"]
[Round "?"]
[White "Perk, E."]
[Black "Rooze, J."]
[Result "0-1"]
[WhiteElo "2051"]
[BlackElo "2271"]
[PlyCount "54"]
[EventDate "2010.??.??"]

1. d4 Nf6 2. c4 c5 3. Nf3 cxd4 4. Nxd4 b6 5. Bg5 Bb7 6. Nd2 e6 7. Nb5 a6 8.
Bxf6 gxf6 9. Nd4 f5 10. e3 Nc6 11. Nxc6 Bxc6 12. a3 Bg7 13. Qc2 Qf6 14. Rb1 O-O
15. b4 Rfc8 16. Qb3 d5 17. c5 bxc5 18. bxc5 Bf8 19. Qc2 d4 20. exd4 Qxd4 21.
Nb3 Qe5+ 22. Qe2 Be4 23. Rc1 Rab8 24. f3 Rxb3 25. fxe4 Rxc5 26. Rxc5 Bxc5 27.
Qd1 Qc3+ 0-1

[Event "?"]
[Site "?"]
[Date "????.??.??"]
[Round "?"]
[White "Van Herck, M."]
[Black "Goerden, H."]
[Result "*"]
[WhiteElo "2156"]
[BlackElo "1835"]
[PlyCount "57"]
[EventDate "2010.??.??"]

1. e4 e5 2. f4 exf4 3. Bc4 Be7 4. Nc3 d6 5. d4 Nf6 6. Bxf4 O-O 7. Nf3 Nxe4 8.
Nxe4 d5 9. Bd3 dxe4 10. Bxe4 Nd7 11. O-O Nf6 12. Bd3 Bg4 13. Kh1 Nd5 14. Qd2 c6
15. c3 Bh5 16. Be5 f6 17. Bg3 Bd6 18. Bxd6 Qxd6 19. Rae1 Rae8 20. Nh4 Rxe1 21.
Rxe1 Re8 22. Nf5 Qd7 23. Rxe8+ Qxe8 24. Bc4 Qe4 25. Ng3 Qb1+ 26. Nf1 Bf7 27.
Kg1 Qe4 28. Kf2 Qf5+ 29. Kg1 *

[Event "?"]
[Site "?"]
[Date "????.??.??"]
[Round "?"]
[White "Kluger, H."]
[Black "Maes, V."]
[Result "0-1"]
[WhiteElo "1960"]
[BlackElo "2163"]
[PlyCount "98"]
[EventDate "2010.??.??"]

1. Nf3 d5 2. d4 Nf6 3. g3 Bf5 4. Bg2 e6 5. Bg5 Nbd7 6. O-O h6 7. Bf4 Be7 8.
Nbd2 O-O 9. c4 c6 10. Rc1 Ne4 11. a3 a5 12. Qb3 Ra7 13. c5 a4 14. Qd1 b6 15.
Nxe4 Bxe4 16. Ne5 Nxe5 17. Bxe4 Nc4 18. Bb1 bxc5 19. Qc2 f5 20. dxc5 e5 21. Be3
Ra5 22. Ba2 Nxe3 23. fxe3 Bxc5 24. Qd2 Qb6 25. Rc3 Rb5 26. Qc1 f4 27. Rf3 Bxe3+
28. Rfxe3 fxe3 29. Rxc6 Qd4 30. Rc3 Qd2 31. Rc2 Qxc1+ 32. Rxc1 Kh8 33. Rc2 d4
34. Be6 Rfb8 35. b4 axb3 36. Rb2 Ra5 37. Rxb3 Rxb3 38. Bxb3 Rxa3 39. Bc2 Ra2
40. Bd3 e4 41. Bc4 Rd2 42. Kf1 d3 43. exd3 exd3 44. Ke1 g5 45. h3 Kg7 46. g4
Kf6 47. Bb5 Ke5 48. Ba6 Kd4 49. Bb7 Rb2 0-1

[Event "?"]
[Site "?"]
[Date "????.??.??"]
[Round "?"]
[White "Hajenius, W."]
[Black "Hentzschel, E."]
[Result "0-1"]
[WhiteElo "2043"]
[BlackElo "1947"]
[PlyCount "92"]
[EventDate "2010.??.??"]

1. d4 Nf6 2. c4 e6 3. Nc3 c5 4. d5 exd5 5. cxd5 d6 6. e4 g6 7. f4 Bg7 8. Nf3
O-O 9. Be2 Re8 10. e5 Ng4 11. h3 Nh6 12. g4 dxe5 13. fxe5 Nd7 14. e6 Ne5 15.
O-O Nxf3+ 16. Bxf3 fxe6 17. Be3 Qd6 18. Kg2 exd5 19. Bxd5+ Be6 20. Qb3 Bxc3 21.
Bxe6+ Qxe6 22. Qxe6+ Rxe6 23. Bxh6 Bg7 24. Bxg7 Kxg7 25. Rf2 Rae8 26. Rc1 b6
27. Rcc2 R8e7 28. Rfd2 Re3 29. Rf2 Kh6 30. Rcd2 Kg5 31. Rc2 Kh4 32. Rc4 Rg3+
33. Kf1 Rxh3 34. b4 cxb4 35. Rxb4 Rhe3 36. Rh2+ Kg3 37. Rg2+ Kh3 38. Rc2 Rf3+
39. Rf2 Kg3 40. Rxf3+ Kxf3 41. g5 Re4 42. Rb2 Kg4 43. Rg2+ Kf5 44. Kf2 Rg4 45.
Rh2 Kxg5 46. Rxh7 Ra4 0-1

[Event "?"]
[Site "?"]
[Date "????.??.??"]
[Round "?"]
[White "Lenk, W."]
[Black "Morant, P."]
[Result "0-1"]
[WhiteElo "2221"]
[BlackElo "2194"]
[PlyCount "69"]
[EventDate "2010.??.??"]

1. e4 c5 2. Nf3 d6 3. d4 cxd4 4. Nxd4 a6 5. Nc3 Nf6 6. Be2 g6 7. O-O Bg7 8. Be3
O-O 9. Qd2 Nc6 10. Rad1 Bd7 11. f4 Rc8 12. Kh1 b5 13. Nxc6 Bxc6 14. Bf3 b4 15.
Nd5 Nxd5 16. exd5 Bb5 17. Rf2 Bxb2 18. Qxb4 Bc3 19. Qb3 Qa5 20. Be4 Bc4 21. Bb6
Bxb3 22. Bxa5 Bxa2 23. Bxc3 Rxc3 24. f5 Re3 25. Bd3 Ra8 26. fxg6 hxg6 27. Re2
Rxe2 28. Bxe2 a5 29. Kg1 Rb8 30. Rd2 Bb1 31. Bd1 a4 32. Rd3 Bxc2 33. Rd2 a3 34.
Bxc2 a2 35. Rd1 0-1

[Event "?"]
[Site "?"]
[Date "????.??.??"]
[Round "?"]
[White "Suominen, A."]
[Black "Petzold, H."]
[Result "1/2-1/2"]
[WhiteElo "1877"]
[BlackElo "2152"]
[PlyCount "50"]
[EventDate "2010.??.??"]

1. d4 Nf6 2. c4 e6 3. Nc3 Bb4 4. Bd2 b6 5. e3 Bb7 6. Nf3 O-O 7. Be2 d6 8. O-O
Nbd7 9. a3 Bxc3 10. Bxc3 Ne4 11. Rc1 f5 12. Nd2 Nxc3 13. Rxc3 e5 14. d5 Qf6 15.
f4 Rae8 16. Nf3 Nc5 17. fxe5 dxe5 18. b4 Ne4 19. Rc2 Qh6 20. Qc1 Bc8 21. c5
bxc5 22. bxc5 Bd7 23. Rb2 Bc8 24. Rb3 Kh8 25. Bd3 Nf6 1/2-1/2

[Event "?"]
[Site "?"]
[Date "????.??.??"]
[Round "?"]
[White "Kahn, P."]
[Black "Ketonen, T."]
[Result "1-0"]
[WhiteElo "2075"]
[BlackElo "1914"]
[PlyCount "73"]
[EventDate "2010.??.??"]

1. d4 d5 2. Nf3 Nf6 3. e3 Bg4 4. c4 e6 5. Qb3 Qc8 6. Ne5 Bf5 7. Nc3 c6 8. Bd2
Nbd7 9. Rc1 Nxe5 10. dxe5 dxc4 11. Bxc4 Ne4 12. Nxe4 Bxe4 13. O-O Be7 14. Bb4
Qc7 15. Rfd1 Bxb4 16. Qxb4 Qe7 17. Rd6 Qg5 18. Bf1 Qxe5 19. Rd4 f5 20. Qxb7 O-O
21. b3 c5 22. Qb5 Rfc8 23. Rdc4 Qd6 24. Rxc5 Rd8 25. f3 Bd5 26. Qd3 Qb6 27. Qc3
Rf8 28. Qe5 a5 29. Kh1 a4 30. Rc7 Rf6 31. Rc8+ Rxc8 32. Rxc8+ Rf8 33. Rc7 Rf7
34. Rxf7 Kxf7 35. bxa4 Bxa2 36. a5 Qd8 37. Qa1 1-0

[Event "?"]
[Site "?"]
[Date "????.??.??"]
[Round "?"]
[White "Almi, O."]
[Black "Roos, H."]
[Result "0-1"]
[WhiteElo "1792"]
[BlackElo "2071"]
[PlyCount "72"]
[EventDate "2010.??.??"]

1. e4 c5 2. Nf3 d6 3. d4 cxd4 4. Nxd4 Nf6 5. Nc3 g6 6. Bc4 Bg7 7. Be3 O-O 8.
Qd2 Nc6 9. f3 Nd7 10. O-O-O Na5 11. Bb3 Nb6 12. Qd3 Bd7 13. h4 Rc8 14. h5 Nbc4
15. hxg6 fxg6 16. Bh6 Nxb3+ 17. axb3 Ne5 18. Qe3 Rf7 19. Bxg7 Rxg7 20. Nde2 Qa5
21. Kd2 Nc6 22. Ra1 Qb6 23. Qxb6 axb6 24. Nd5 b5 25. Nb6 Rd8 26. Nxd7 Rxd7 27.
Ra8+ Kf7 28. Nf4 e6 29. Rh8 h5 30. Nh3 d5 31. Ng5+ Ke7 32. Ke3 d4+ 33. Kd2 e5
34. g4 Kf6 35. Nh7+ Rxh7 36. Rf8+ Kg7 0-1

[Event "?"]
[Site "?"]
[Date "????.??.??"]
[Round "?"]
[White "Harzer, P."]
[Black "Walter, G."]
[Result "0-1"]
[WhiteElo "2136"]
[BlackElo "2281"]
[PlyCount "148"]
[EventDate "2010.??.??"]

1. f4 d5 2. e3 g6 3. Nf3 Bg7 4. Be2 Nf6 5. O-O O-O 6. d3 b6 7. Qe1 Bb7 8. Qh4
Nbd7 9. Nc3 c5 10. Bd2 Qc7 11. Rae1 a6 12. Nd1 b5 13. Bc3 b4 14. Be5 Nxe5 15.
Nxe5 Rae8 16. Bf3 Nd7 17. Nxd7 Qxd7 18. c3 bxc3 19. bxc3 e5 20. fxe5 Rxe5 21.
d4 cxd4 22. exd4 Rxe1 23. Rxe1 Re8 24. Rxe8+ Qxe8 25. Qf2 Qe6 26. Qe2 Kf8 27.
Bg4 Qxe2 28. Bxe2 Ke7 29. Kf2 Kd6 30. Bf3 Bc6 31. Ne3 f5 32. g3 Bh6 33. h3 f4
34. gxf4 Bxf4 35. Bg2 a5 36. Bf3 h5 37. Bg2 Bxe3+ 38. Kxe3 g5 39. Bf3 Bd7 40.
h4 gxh4 41. Bxh5 Kc6 42. Bf3 Be6 43. Kf4 Kd6 44. Kg5 h3 45. Kf6 Bd7 46. Kg5 Bb5
47. Kg4 Bc4 48. a3 Bf1 49. Kg3 Kc6 50. c4 Bxc4 51. Kxh3 Kb5 52. Bd1 Ba2 53. Kg3
Kc4 54. Kf2 Kxd4 55. Ke1 Kc3 56. Bf3 d4 57. Be4 Kb3 58. Kd2 Kxa3 59. Kc2 Bc4
60. Kb1 Kb3 61. Ka1 Kc3 62. Bf5 Bd3 63. Bd7 Bc2 64. Bb5 Bb3 65. Be2 Bc4 66. Bg4
d3 67. Bf3 Be6 68. Be4 d2 69. Bf3 Kc2 70. Be4+ Kc1 71. Bf3 Bb3 72. Bg4 Bd1 73.
Bd7 Be2 74. Ba4 Bd3 0-1

[Event "?"]
[Site "?"]
[Date "????.??.??"]
[Round "?"]
[White "Tröger, R."]
[Black "Rollwitz, J."]
[Result "1-0"]
[WhiteElo "2159"]
[BlackElo "1991"]
[PlyCount "107"]
[EventDate "2010.??.??"]

1. g3 g6 2. Bg2 Bg7 3. c4 e5 4. Nc3 Nc6 5. e3 Nge7 6. Nge2 d6 7. d4 O-O 8. O-O
Nf5 9. d5 Nce7 10. e4 Nh6 11. f4 f6 12. Kh1 Bd7 13. Be3 Qc8 14. Qd2 Nf7 15. Ng1
exf4 16. gxf4 f5 17. c5 fxe4 18. Nxe4 Nf5 19. Bf2 Qd8 20. Nf3 h6 21. Rac1 c6
22. Nxd6 N7xd6 23. cxd6 Kh7 24. Ne5 Nxd6 25. Nxd7 Qxd7 26. dxc6 Qe7 27. Rfe1
Qf6 28. cxb7 Nxb7 29. Bxb7 Rab8 30. Bg2 Rxb2 31. Rc2 Rxc2 32. Qxc2 Qxf4 33. Bg3
Qg4 34. Qc7 h5 35. Be5 Rg8 36. Qxa7 Qb4 37. Rf1 Qb5 38. Bxg7 Rxg7 39. Qf2 Qc4
40. a3 Qc3 41. Qf3 Qd4 42. Qf4 Qc3 43. Qb4 Qd3 44. a4 Qe2 45. Qb5 Qe3 46. a5
Re7 47. a6 h4 48. h3 Kh6 49. Qc4 g5 50. Qg8 Qe5 51. Qf8+ Kg6 52. Qg8+ Rg7 53.
Qa2 Qd4 54. Qe6+ 1-0

[Event "?"]
[Site "?"]
[Date "????.??.??"]
[Round "?"]
[White "Fitzke, U."]
[Black "Skorna, U."]
[Result "1/2-1/2"]
[WhiteElo "2003"]
[BlackElo "2101"]
[PlyCount "77"]
[EventDate "2010.??.??"]

1. d4 e6 2. c4 Nf6 3. Nc3 Bb4 4. Bd2 b6 5. Nf3 Bb7 6. e3 O-O 7. Be2 Bxc3 8.
Bxc3 Ne4 9. Rc1 d6 10. O-O Nd7 11. Nd2 Nxd2 12. Bxd2 f5 13. Bf3 Be4 14. Bxe4
fxe4 15. f4 exf3 16. Rxf3 Qh4 17. Be1 Qe4 18. Qc2 Qc6 19. Rxf8+ Rxf8 20. Bh4 b5
21. cxb5 Qxb5 22. Qc4 Qxc4 23. Rxc4 Rc8 24. Bg3 Nb6 25. Rc1 Kf7 26. Kf2 Ke7 27.
e4 Kd7 28. Ke3 Rf8 29. b3 a6 30. a4 c6 31. Be1 Nc8 32. Bb4 Ne7 33. Ba3 Rb8 34.
Rb1 Nc8 35. Kd3 Ne7 36. b4 Rf8 37. b5 axb5 38. axb5 Rb8 39. bxc6+ 1/2-1/2

[Event "?"]
[Site "?"]
[Date "????.??.??"]
[Round "?"]
[White "Bernhöft, E."]
[Black "Baudis, W."]
[Result "1-0"]
[WhiteElo "2024"]
[BlackElo "1693"]
[PlyCount "123"]
[EventDate "2010.??.??"]

1. g3 f5 2. d3 g6 3. c3 Nf6 4. Bg2 Bg7 5. Nh3 d5 6. Nd2 c6 7. O-O e5 8. e4 O-O
9. Qb3 Kh8 10. Ng5 h6 11. Nh3 Na6 12. f4 Nc5 13. Qc2 Ng4 14. Nb3 Qb6 15. Kh1
Nxb3 16. Qxb3 Qxb3 17. axb3 fxe4 18. dxe4 Be6 19. Bd2 Kh7 20. exd5 Bxd5 21.
Bxd5 cxd5 22. fxe5 Nxe5 23. Rxf8 Bxf8 24. Nf4 a6 25. Nxd5 Rd8 26. c4 Bg7 27.
Bc3 Nd3 28. Rf1 Bxc3 29. bxc3 Kg7 30. Rf3 Nc5 31. b4 Ne6 32. Re3 Kf7 33. Rf3+
Kg7 34. Kg2 Rd7 35. h4 h5 36. Re3 Kf7 37. Kf3 Ng7 38. g4 hxg4+ 39. Kxg4 Ne6 40.
Rf3+ Kg7 41. Rf6 Nf8 42. Rb6 Kf7 43. Nf4 Re7 44. Nd5 Rd7 45. Nf4 Re7 46. h5
gxh5+ 47. Nxh5 Re4+ 48. Kf5 Re7 49. Rf6+ Ke8 50. c5 Rd7 51. c4 Rc7 52. Rd6 a5
53. Nf6+ Kf7 54. Nd5 Rc6 55. Rxc6 bxc6 56. bxa5 Ne6 57. a6 cxd5 58. cxd5 Nc7
59. a7 Ke8 60. d6 Na8 61. Ke6 Kd8 62. c6 1-0

[Event "?"]
[Site "?"]
[Date "????.??.??"]
[Round "?"]
[White "Scholze, R."]
[Black "Pekun, C."]
[Result "1/2-1/2"]
[WhiteElo "2012"]
[BlackElo "2229"]
[PlyCount "56"]
[EventDate "2010.??.??"]

1. e4 e6 2. d4 d5 3. Nc3 Bb4 4. Bd3 dxe4 5. Bxe4 Nf6 6. Bf3 h6 7. Nge2 O-O 8.
O-O c6 9. Bf4 Bd6 10. Qd2 Bxf4 11. Qxf4 Nbd7 12. Rad1 Re8 13. Ng3 Qb6 14. Na4
Qa5 15. Nc3 e5 16. dxe5 Nxe5 17. Be2 Ng6 18. Qc1 Be6 19. a3 Qc7 20. Rfe1 Re7
21. Bd3 Rae8 22. Bf5 Bxf5 23. Nxf5 Re5 24. Rxe5 Qxe5 25. Ne3 Nf4 26. Qd2 Ne4
27. Nxe4 Qxe4 28. Qb4 Qxb4 1/2-1/2

[Event "?"]
[Site "?"]
[Date "????.??.??"]
[Round "?"]
[White "Warnke, E."]
[Black "Muratoglu, S."]
[Result "1/2-1/2"]
[WhiteElo "1821"]
[BlackElo "2083"]
[PlyCount "59"]
[EventDate "2010.??.??"]

1. Nf3 Nf6 2. g3 Nc6 3. Bg2 e5 4. d3 d5 5. Nbd2 Bc5 6. O-O Bg4 7. c4 e4 8. cxd5
exf3 9. exf3 Qxd5 10. fxg4 Qxd3 11. Bxc6+ bxc6 12. Re1+ Kf8 13. Qa4 Qd4 14.
Qxd4 Bxd4 15. Nf3 Bb6 16. h3 Re8 17. Rxe8+ Kxe8 18. Be3 Bxe3 19. fxe3 c5 20.
Rd1 Ke7 21. Ne5 Ke6 22. Nc4 h5 23. gxh5 Rxh5 24. Kg2 Rg5 25. b3 Ne4 26. g4 f5
27. Kf3 Nc3 28. Rd2 Rg6 29. gxf5+ Kxf5 30. Rd7 1/2-1/2

[Event "?"]
[Site "?"]
[Date "????.??.??"]
[Round "?"]
[White "Stavenhagen, J."]
[Black "Krieger, H."]
[Result "0-1"]
[WhiteElo "2011"]
[BlackElo "2257"]
[PlyCount "88"]
[EventDate "2010.??.??"]

1. d4 f5 2. Nf3 d6 3. c4 Nf6 4. Nc3 g6 5. Bg5 Nbd7 6. Qa4 Bg7 7. Rd1 O-O 8. Qc2
c6 9. g3 Qe8 10. Bg2 e5 11. dxe5 dxe5 12. O-O h6 13. Bc1 e4 14. Nd4 Ne5 15. c5
Qe7 16. b4 Rd8 17. Bf4 Nh5 18. Be3 Ng4 19. a4 Nxe3 20. fxe3 Nf6 21. Qc1 Be6 22.
Nxe6 Qxe6 23. b5 Qe5 24. bxc6 bxc6 25. Qa3 Nd7 26. Nb1 Nxc5 27. Rc1 Bf8 28.
Qa2+ Kg7 29. Nd2 Rd5 30. Nc4 Qe7 31. a5 Kh7 32. Rfe1 Bg7 33. a6 Rad8 34. Rf1
Qe6 35. Qa3 Bf8 36. Qa1 Qc8 37. Rc2 Nxa6 38. Qf6 Bg7 39. Qh4 Rd1 40. Rxd1 Rxd1+
41. Kf2 Qd7 42. Na5 Ra1 43. Nb3 Rd1 44. g4 Qd5 0-1

[Event "?"]
[Site "?"]
[Date "????.??.??"]
[Round "?"]
[White "Kelchner, H."]
[Black "Alter, H."]
[Result "1/2-1/2"]
[WhiteElo "2193"]
[BlackElo "1882"]
[PlyCount "128"]
[EventDate "2010.??.??"]

1. d4 c5 2. c3 e6 3. Bf4 d5 4. e3 Nc6 5. Bd3 Bd6 6. Bxd6 Qxd6 7. Qg4 g6 8. Nf3
c4 9. Bc2 f5 10. Qf4 Qxf4 11. exf4 Nf6 12. a4 Bd7 13. O-O h6 14. Re1 Kf7 15. a5
a6 16. Ba4 Rhe8 17. Bxc6 Bxc6 18. Ne5+ Kg7 19. f3 Nd7 20. Na3 Nxe5 21. Rxe5 Kf6
22. Nc2 Rac8 23. Kf2 h5 24. g3 Rc7 25. h3 Rh8 26. Nb4 Rd8 27. Kg2 Rd6 28. Rae1
Rh7 29. R5e2 Bb5 30. Kh2 Bd7 31. Rg2 Bc8 32. Kg1 b6 33. Ra1 b5 34. Re1 Bb7 35.
Kf2 Rd8 36. Reg1 Rdh8 37. Ke3 Kf7 38. h4 Rg8 39. Kd2 Kf6 40. Kc2 Rgg7 41. Kb1
Rc7 42. Ka2 Rcf7 43. Ka3 Ke7 44. Nc2 Kd6 45. Kb4 Rh6 46. Re2 Rh8 47. Ne3 Rhh7
48. Nd1 Rh8 49. Nf2 Rhh7 50. Nh3 Rf6 51. Ng5 Rh8 52. g4 hxg4 53. fxg4 Rxh4 54.
gxf5 gxf5 55. Nf3 Rxf4 56. Rg7 Bc6 57. Ne5 Re4 58. Rh2 Rxe5 59. dxe5+ Kxe5 60.
Kc5 Be8 61. Rh8 Bg6 62. Rh6 Bf7 63. Rhh7 Bg6 64. Rh6 Bf7 1/2-1/2

[Event "?"]
[Site "?"]
[Date "????.??.??"]
[Round "?"]
[White "Morgner, S."]
[Black "Keller, L."]
[Result "0-1"]
[WhiteElo "1870"]
[BlackElo "2086"]
[PlyCount "68"]
[EventDate "2010.??.??"]

1. Nf3 c5 2. c4 g6 3. Nc3 Bg7 4. d3 Nf6 5. g3 d5 6. cxd5 Nxd5 7. Bd2 Nc6 8. Bg2
Nxc3 9. bxc3 O-O 10. O-O Bg4 11. Qa4 Qd7 12. Rab1 Rab8 13. Rfc1 Rfd8 14. Bf4 e5
15. Be3 b6 16. Bg5 f6 17. Be3 f5 18. Qc4+ Kh8 19. Ng5 h6 20. Nf7+ Kh7 21. Nxd8
Rxd8 22. Qa4 Nd4 23. Qxd7 Nxe2+ 24. Kf1 Rxd7 25. Rc2 f4 26. f3 Bf5 27. Rxe2
fxe3 28. Rxe3 Bxd3+ 29. Rxd3 Rxd3 30. Rb3 c4 31. Ra3 a5 32. Ke2 Bf8 33. Ra4
Rxc3 34. Bh3 Bb4 0-1

[Event "?"]
[Site "?"]
[Date "????.??.??"]
[Round "?"]
[White "Betz, E."]
[Black "Zanger, K."]
[Result "1-0"]
[WhiteElo "2011"]
[BlackElo "1811"]
[PlyCount "107"]
[EventDate "2010.??.??"]

1. e4 e5 2. Nf3 d6 3. d4 exd4 4. Nxd4 Be7 5. Be2 Bf6 6. Nc3 Ne7 7. Be3 O-O 8.
Qd2 Nbc6 9. Nf3 Bg4 10. h3 Bxf3 11. gxf3 Ng6 12. O-O-O a6 13. f4 Re8 14. f5 Nf8
15. f3 Nd7 16. Nd5 b5 17. Rhg1 Kh8 18. Nxf6 gxf6 19. f4 Qe7 20. Bf3 Rg8 21. a3
Rxg1 22. Rxg1 Rg8 23. e5 Rxg1+ 24. Bxg1 Nd8 25. exd6 cxd6 26. Qe3 Qf8 27. Kd2
Nc5 28. b4 Nd7 29. Qa7 Qh6 30. Qxd7 Qxf4+ 31. Be3 Qxf3 32. Qxd8+ Kg7 33. Qxd6
Qg2+ 34. Kc1 Qf1+ 35. Kb2 Qxh3 36. Qf4 Qh5 37. Bc5 Qh3 38. Qf2 h5 39. Qf4 h4
40. Bf2 Qg2 41. Bxh4 Qd5 42. Qg4+ Kf8 43. Bxf6 Ke8 44. Qg8+ Kd7 45. Qd8+ Kc6
46. Qxd5+ Kxd5 47. Bc3 f6 48. Bxf6 Ke4 49. Kb3 Kxf5 50. Bg7 Ke6 51. c4 Kd6 52.
c5+ Kc6 53. Kc3 Kd5 54. Kd3 1-0

[Event "?"]
[Site "?"]
[Date "????.??.??"]
[Round "?"]
[White "Weiß, W."]
[Black "Standal, B."]
[Result "1-0"]
[WhiteElo "2199"]
[BlackElo "1919"]
[PlyCount "94"]
[EventDate "2010.??.??"]

1. e4 c5 2. Nf3 d6 3. d3 Nc6 4. g3 g6 5. Bg2 Bg7 6. O-O Nf6 7. c3 O-O 8. a3 a5
9. a4 Bg4 10. h3 Bxf3 11. Qxf3 e5 12. Na3 Rb8 13. Nb5 Qe7 14. Bg5 h6 15. Be3
Rfd8 16. g4 Nh7 17. Qe2 g5 18. Qf3 Nf8 19. Rfe1 Ng6 20. Bf1 Nf4 21. Rad1 b6 22.
Rd2 Rb7 23. Qd1 Qf6 24. d4 Rbd7 25. dxc5 d5 26. Bxf4 exf4 27. exd5 Ne5 28. Rxe5
Qxe5 29. c6 Rd6 30. c7 Rc8 31. Qf3 Bf8 32. c4 Rd7 33. Qd3 Bd6 34. Re2 Qf6 35.
Na7 Rcxc7 36. Re8+ Bf8 37. Nb5 Rb7 38. b3 Re7 39. Rc8 Qg6 40. Qd4 Qe4 41. Qf6
Qg6 42. Qxg6+ fxg6 43. Bd3 Re1+ 44. Kg2 Kg7 45. Rc6 Rf7 46. Rxg6+ Kh8 47. Bf5
Rfe7 1-0

[Event "?"]
[Site "?"]
[Date "????.??.??"]
[Round "?"]
[White "Siegmund, R."]
[Black "Bue, G."]
[Result "1-0"]
[WhiteElo "2134"]
[BlackElo "1879"]
[PlyCount "57"]
[EventDate "2010.??.??"]

1. d4 Nf6 2. c4 g6 3. Nc3 Bg7 4. e4 d6 5. f4 O-O 6. Nf3 c5 7. d5 e6 8. Be2 exd5
9. cxd5 Re8 10. e5 dxe5 11. fxe5 Ng4 12. Bg5 f6 13. exf6 Nxf6 14. O-O h6 15.
Bh4 g5 16. Bf2 b6 17. Bb5 Bd7 18. Re1 Bxb5 19. Nxb5 a6 20. Rxe8+ Nxe8 21. Nc3
Nd6 22. Qd2 Ra7 23. Re1 Re7 24. Re6 Rxe6 25. dxe6 Bxc3 26. bxc3 Kf8 27. Bg3 Ke7
28. Qd5 Qc7 29. Ne5 1-0

[Event "?"]
[Site "?"]
[Date "????.??.??"]
[Round "?"]
[White "Wicklund-Hansen, R."]
[Black "Fleuch, H."]
[Result "0-1"]
[WhiteElo "1893"]
[BlackElo "2121"]
[PlyCount "54"]
[EventDate "2010.??.??"]

1. e4 Nc6 2. d3 Nf6 3. Nf3 d6 4. h3 g6 5. Be3 Bg7 6. Nbd2 O-O 7. a4 e5 8. Nc4
Be6 9. Nfd2 d5 10. exd5 Bxd5 11. Bc5 Re8 12. Ne3 Be6 13. Nf3 Nd7 14. Ba3 Nb6
15. c3 Na5 16. c4 e4 17. dxe4 Bxc4 18. Nd2 Bxf1 19. Rxf1 Qd4 20. Nc2 Qd7 21.
Bb4 Nbc4 22. Bxa5 Nxa5 23. Ra2 Rad8 24. Ne3 Nc6 25. f3 Nb4 26. Ra3 Bxb2 27. Rb3
Nd3+ 0-1

[Event "?"]
[Site "?"]
[Date "????.??.??"]
[Round "?"]
[White "Nagorni, W."]
[Black "Laitinen, M."]
[Result "1-0"]
[WhiteElo "2093"]
[BlackElo "1843"]
[PlyCount "111"]
[EventDate "2010.??.??"]

1. Nf3 Nf6 2. c4 g6 3. Nc3 Bg7 4. g3 O-O 5. Bg2 d6 6. O-O e5 7. d3 c6 8. Rb1 a5
9. a3 Qe7 10. Qc2 Be6 11. Ng5 Nbd7 12. Nxe6 Qxe6 13. b4 axb4 14. axb4 Rac8 15.
b5 cxb5 16. Bxb7 bxc4 17. Bxc8 cxd3 18. Qxd3 Rxc8 19. Ne4 Nxe4 20. Qxe4 d5 21.
Qg2 Nc5 22. Bd2 Ne4 23. Rfd1 Nxd2 24. Rxd2 d4 25. Rdb2 e4 26. Rb8 Re8 27. Rxe8+
Qxe8 28. Qf1 Bf6 29. f4 Qe6 30. Rb8+ Kg7 31. Qb1 h5 32. Qb4 Qe7 33. Qxe7 Bxe7
34. Re8 Bc5 35. Rc8 Be7 36. Rc4 f5 37. Kf1 Bf6 38. Rc7+ Kf8 39. Ke1 Ke8 40. Kd2
Be7 41. Kc2 Bf6 42. Kb3 Kd8 43. Rc2 Kd7 44. Kc4 Kd6 45. Ra2 Ke6 46. Ra6+ Kf7
47. Rd6 Ke7 48. Kd5 Kf7 49. Rd7+ Ke8 50. Ke6 e3 51. Rd5 Bg7 52. Rb5 Kd8 53. Kf7
Kc7 54. Kxg7 d3 55. exd3 e2 56. Re5 1-0

[Event "?"]
[Site "?"]
[Date "????.??.??"]
[Round "?"]
[White "Hall, R."]
[Black "Rychlik, K."]
[Result "1-0"]
[WhiteElo "1840"]
[BlackElo "2075"]
[PlyCount "71"]
[EventDate "2010.??.??"]

1. d4 Nf6 2. Nf3 d5 3. Bf4 e6 4. e3 c5 5. c3 Nc6 6. Bd3 h6 7. Nbd2 Bd7 8. Bg3
cxd4 9. exd4 Be7 10. Ne5 O-O 11. f4 Be8 12. O-O Nd7 13. Ndf3 f5 14. Qe2 Ncxe5
15. Nxe5 Nf6 16. Bh4 Bh5 17. Qe1 Qd6 18. Qg3 a6 19. Rae1 Rac8 20. Bxf6 Bxf6 21.
Qh3 Be8 22. g4 Bd7 23. gxf5 exf5 24. Rf2 Bd8 25. Kh1 Rf6 26. Rg2 Bc7 27. Reg1
g5 28. fxg5 hxg5 29. Rxg5+ Kf8 30. Rg8+ Ke7 31. R8g7+ Ke8 32. Nxd7 Rh6 33. Qe3+
Kd8 34. Ne5 Qf6 35. Rd7+ Ke8 36. Rg8+ 1-0